Estadísticas para Estadios más longevos de España

Haz click aquí para intentar la prueba.

Estadísticas generales

  • Esta prueba ha sido intentada 61 veces
  • La puntuación promedio es 9 de 15

Estadísticas de respuestas

Años en funcionamientoEstadio% Correcto
1957-2023Camp Nou
98%
1947- ActualidadSantiago Bernabeu
96%
1913-2013San Mamés
89%
1929-ActualidadBenito Villamarín
83%
1923-ActualidadMestalla
83%
1958-ActualidadRamón Sánchez Pizjuán
83%
1966-2017Vicente Calderón
70%
1928-ActualidadBalaídos
67%
1944-ActualidadRiazor
67%
1908-ActualidadEl Molinón
54%
1967-ActualidadEl Sadar
33%
1932-2000Carlos Tartiere
28%
1955- ActualidadNuevo Mirandilla
24%
1965-ActualidadPasarón
9%
1926-ActualidadStadium Gal
7%

Distribución de puntuación

Porcentaje por número respondido

Porcentaje de gente con cada puntuación

Historial de tus puntuaciones

No has intentado esta prueba.